1517 1139 1552 1158 1687 1569 1509 1793 1787 1405 1614 1708 1871 1646 1379 1734 1299 1885 1575 1786 1303 1482 1108 1623 1107 1172 1611 1962 1655 1052 1835 1931 1658 1986 1859 1495 1127 1974 1251 1129 1624 1079 1181 1716 1648 1871 1554 1617 1617 1445 1374 1637 1917 1736 1206 1527 1167 1065 1646 1186 1550 1777 1858 1315 1996 1950 1699 1871 1197 1784 1473 1235 1916 1990 1082 1856 1232 1736 1025 1564 1811 1390 1101 1125 1868 1703 1218 1981 1238 1696 1146 1953 1183 1468 1739 1229 1546 1058 1881 BCNSPRNW ULIB Ver.6.0+V

เปลี่ยนเป็นภาษาไทย

Change to English
 แสดงรายละเอียดบรรณานุกรม
  กลับหน้าหลัก

Brief Record : Get Marc (ISO 2709) : E-mail record : QR code < ปิดหน้าต่าง
LEADER : 00000nam 2200000uu 4500
001    13399127756
003     ULIB
008    210519s2562||||th 000 0 tha d
020 ^- ^a9786160037919
050 ^- ^aนว.^bก371ค
100 0^ aกนิษฐา ปานเกตุ.
245 10 ^aคุณพ่อสายลับ =My daddy is sitting bull /^cกรรัมภา.
246 11 ^aMy daddy is sitting bull
250 ^- ^aพิมพ์ครั้งแรก.
260 ^- ^aกรุงเทพฯ :^bพิมพ์คำ,^c2562
300 ^- ^a519 หน้า.
490 1^ aชุด Love choices รักลงเอย ;[ลำดับที่ 1]
945    ^p360^l0^i28901
999    ^aกัณชพร จุลอักษร
รายการนี้ยังไม่มีแท็ก
คุณยังไม่ได้ล็อกอิน คุณสามารถมีกิจกรรมร่วมกับเว็บไซต์ได้ แต่ต้องล็อกอินก่อน ::
  ล็อกอิน

รายการสื่อสารสนเทศ

ลำดับที่ ประเภท เลขเรียก/บาร์โค้ด สถานที่ สถานะ
1. วิทยาศาสตร์การแพทย์ และสุขภาพ
วิทยาศาสตร์การแพทย์ และสุขภาพ
นว. ก371ค ฉ.1 
  Barcode: 28901
ห้องสมุดวิทยาเขตนครสวรรค์
►นวนิยาย:l:Fiction
บนชั้น

BibComment


ยังไม่เคยถูกคอมเมนท์

คอมเมนท์ทรัพยากรรายการนี้
  คอมเมนท์: คุณพ่อสายลับ My ..


 Copyright 2026. Bcnsprnw @Library